000 01448nam a22003017a 4500
001 9391
003 FISKH
005 20251218114811.0
008 251218b cb ||||| |||| 00| 0 eng d
020 _a9789995001483
040 _aFISKH
_bkhr
_cFISKH
_dFISKH
082 _a895.93
100 _aSakal , Ngoun
245 _aកំរងរឿងនិទានអប់រំសម្រាប់កុមារ​ ៧ /
_cអ្នកនិពន្ធ អ្នកស្រី ងួន សាកល , អ្នករៀបរៀង លោក អ៊ាន ភាង , អ្នករចនាទំព័រ លោក ហ៊ុយ វណ្ណថេន
250 _aបោះពុម្ពលើកទី១ ឆ្នាំ ២០១២
260 _aភ្នំពេញ :
_bគ្រឹះស្ថានបោះពុម្ពនិងចែកផ្សាយ ,
_c2012 .
300 _a16 pages :
_bcolor illustrations ;
_c17 X 18 cm .
505 _aN
520 _aរឿង ថង់ចម្លែក និង រឿង ងងុយដេក
520 _aStrange plastic and sleepy
521 8 _a580
_bLexile estimate
521 8 _aN
_bRaz-Plus
650 _aថង់ចម្លែក ,​ ងងុយដេក​
_vរឿងនិទានកុមារ​
650 _aStrange plastic , sleepy
_vChildren's Stories
700 _aVisal , Seng
_eIllustrator
942 _2ddc
_cKHB
_n0
999 _c9391
_d9391